Logman (Record no. 64190)
[ view plain ]
| 000 -LÍDER | |
|---|---|
| campo de controle de tamanho fixo | 00273 a2200145 4500 |
| 001 - NÚMERO DE CONTROLE | |
| campo de controle | 64190 |
| 020 ## - ISBN - INTERNATIONAL STANDARD BOOK NUMBER | |
| ISBN - International Standard Book Number | 9788576592860 |
| 040 ## - FONTE DA CATALOGAÇÃO | |
| Instituição que transcreveu o registro | Anchieta - Pituba |
| 240 10 - TÍTULO UNIFORME | |
| Título uniforme | Logman |
| Idioma da obra | eng |
| 245 10 - TÍTULO | |
| Título | Logman |
| 300 ## - DESCRIÇÃO FÍSICA | |
| Extensão | 770 |
| 362 0# - DATAS DE PUBLICAÇÃO E/OU DESIGNAÇÃO SEQUENCIAL | |
| Datas de publicação e/ou designação sequencial | 2008 |
| 650 #4 - ASSUNTO--TERMO TÓPICO | |
| Cabeçalho tópico ou nome geográfico | Inglesas |
| 942 ## - ELEMENTOS DE ENTRADA ADICIONADOS (KOHA) | |
| Tipo de material Koha | Livros |
| Situação do descarte | Situação das perdas | Situação física | Não pode ser emprestado | Biblioteca de origem | Biblioteca atual | Data de aquisição | Total de empréstimos | Número de chamada completo | Código de barras | Data de último acesso | Data do preço efetivo | Tipo de material Koha |
|---|---|---|---|---|---|---|---|---|---|---|---|---|
| Colégio Anchieta - Pituba | Colégio Anchieta - Pituba | 21/11/2023 | 032 L832l LOG | 17856/PIT | 21/11/2023 | 21/11/2023 | Livros | |||||
| Colégio Anchieta - Pituba | Colégio Anchieta - Pituba | 21/11/2023 | 032 L832l LOG | 17857/PIT | 21/11/2023 | 21/11/2023 | Livros | |||||
| Colégio Anchieta - Pituba | Colégio Anchieta - Pituba | 21/11/2023 | 032 L832l LOG | 17858/PIT | 21/11/2023 | 21/11/2023 | Livros |